|
|
|
|
| LEADER |
01704nam a2200481 a 4500 |
| 001 |
nkc20132486281 |
| 003 |
CZ PrNK |
| 005 |
20131023104343.0 |
| 007 |
ta |
| 008 |
130904s2012 xr a f 000 0 cze |
| 015 |
|
|
|a cnb002486281
|
| 020 |
|
|
|a 978-80-7290-625-3
|q (brož.)
|
| 035 |
|
|
|a (OCoLC)862712996
|
| 040 |
|
|
|a OLA001
|b cze
|d ABA001
|
| 041 |
0 |
|
|a cze
|a slo
|b eng
|
| 072 |
|
7 |
|a 37.09
|x Organizace výuky a vzdělávání
|2 Konspekt
|9 22
|
| 080 |
|
|
|a 37.091.12
|2 MRF
|
| 080 |
|
|
|a 377.8
|2 MRF
|
| 080 |
|
|
|a 005.963
|2 MRF
|
| 080 |
|
|
|a 37.03
|2 MRF
|
| 080 |
|
|
|a (048.8:082)
|2 MRF
|
| 100 |
1 |
|
|a Kohnová, Jana,
|d 1942-
|7 ola2004253689
|4 aut
|4 edt
|
| 245 |
1 |
0 |
|a Profesní rozvoj učitelů a cíle školního vzdělávání /
|c Jana Kohnová a kol.
|
| 260 |
|
|
|a Praha :
|b Univerzita Karlova, Pedagogická fakulta,
|c 2012
|
| 300 |
|
|
|a 362 s. :
|b il. ;
|c 21 cm
|
| 500 |
|
|
|a 250 výt.
|
| 504 |
|
|
|a Obsahuje bibliografii a bibliografické odkazy
|
| 546 |
|
|
|a Část. slovenský text, anglická resumé
|
| 650 |
0 |
7 |
|a učitelská profese
|7 ph126981
|2 czenas
|
| 650 |
0 |
7 |
|a vzdělávání učitelů
|7 ph158324
|2 czenas
|
| 650 |
0 |
7 |
|a profesní rozvoj
|7 ph706538
|2 czenas
|
| 650 |
0 |
7 |
|a klíčové kompetence
|7 ph165772
|2 czenas
|
| 650 |
0 |
9 |
|a teacher career
|2 eczenas
|
| 650 |
0 |
9 |
|a teacher education
|2 eczenas
|
| 650 |
0 |
9 |
|a professional development
|2 eczenas
|
| 650 |
0 |
9 |
|a key competencies
|2 eczenas
|
| 655 |
|
7 |
|a kolektivní monografie
|7 fd501537
|2 czenas
|
| 655 |
|
9 |
|a collective monographs
|2 eczenas
|
| 910 |
2 |
|
|a BOA001
|b 2-1312.084
|
| 990 |
|
|
|a BK
|
| 995 |
|
|
|a 01
|
| 991 |
|
|
|b 201310
|c NOV
|e n
|
| 996 |
6 |
|
|b 2610566175
|c 2-1312.084
|l MZK
|r Sklad / do 1 hodiny
|n 25
|p p.v.
|w 001369809
|u 000010
|a 1
|e BOA001
|j MZK50
|s P
|